Els Centres Municipals de Planificació Familiar : anàlisi comparativa/any 1982 anàlisi comparativa/any 1982
ISBN:
84-505-2432-6
Descripción Física:
55 p. : gràfics, taules ; 24 cm
Colección:
Butlletí planificació familiar ; 1
Otros Autores:
Anto i Boqué, Josep Maria
Materias:
Control de la natalitat -- Catalunya
MARC
| LEADER | 00000nam a2200000Ia 4500 | ||
|---|---|---|---|
| 001 | 2067 | ||
| 008 | 160829s9999 xx 000 0 cat d | ||
| 020 | |a 84-505-2432-6 | ||
| 080 | |a C-2-343 | ||
| 100 | |a Huertas-Portocarrero Gómez-Morán, Daniel |9 37286 | ||
| 245 | |a Els Centres Municipals de Planificació Familiar : |b anàlisi comparativa/any 1982 | ||
| 260 | |a Barcelona : |b Diputació de Barcelona, Servei de Sanitat, DL 1985 | ||
| 300 | |a 55 p. : |b gràfics, taules ; |c 24 cm | ||
| 490 | |a Butlletí planificació familiar ; 1 | ||
| 650 | |a Control de la natalitat |x Catalunya |9 25292 | ||
| 700 | |a Anto i Boqué, Josep Maria |9 28567 | ||
| 710 | 1 | |a Barcelona (Catalunya : Província). |b Servei de Sanitat |9 54402 | |
| 901 | |a Arxiu | ||
| 942 | |n 1 | ||
| 952 | |0 0 |1 0 |4 0 |6 C2343 |7 1 |9 47788 |a Arxiu |b Arxiu |d 2016-12-01 |l 0 |o C-2-343 |p 2067 |r 2016-12-01 00:00:00 |w 2016-12-01 |y ARXIU | ||
| 999 | |c 51587 |d 51587 | ||